Salud y medio ambiente (Record no. 69698)

MARC details
000 -LEADER
campo de control de longitud fija 00921nam a2200241 i 4500
001 - NÚMERO DE CONTROL
campo de control 69698
003 - IDENTIFICADOR DE NÚMERO DE CONTROL
campo de control ES-MaACL
005 - FECHA Y HORA DE LA ÚLTIMA TRANSACCIÓN
campo de control 20230906170602.0
007 - CAMPO FIJO DE DESCRIPCIÓN FÍSICA--INFORMACIÓN GENERAL
campo de control de longitud fija t|
008 - DATOS DE LONGITUD FIJA--INFORMACIÓN GENERAL
campo de control de longitud fija 040709s1987 sp ||||1| spa d
020 ## - NÚMERO INTERNACIONAL ESTÁNDAR DEL LIBRO
Número Internacional Estándar del Libro 84-505-6028-4
100 1# - ENTRADA PRINCIPAL--NOMBRE DE PERSONA
Nombre de persona García García, José-Frutos.
9 (RLIN) 54662
245 10 - MENCIÓN DEL TÍTULO
Título Salud y medio ambiente
Resto del título : estrategias para la planificación regional /
Mención de responsabilidad, etc. José-Frutos García García, Marina Hernández Paz.
260 ## - PUBLICACIÓN, DISTRIBUCIÓN, ETC.
Lugar de publicación, distribución, etc. Madrid :
Nombre del editor, distribuidor, etc. Comunidad, Consejería de Salud y Bienestar Social, Instituto Regional de Estudios,
Fecha de publicación, distribución, etc. [1987]
300 ## - DESCRIPCIÓN FÍSICA
Extensión 238 p. :
Otras características físicas map. ;
Dimensiones 21 cm.
490 1# - MENCIÓN DE SERIE
Mención de serie Informes técnicos ;
Designación de volumen o secuencia 3
504 ## - NOTA DE BIBLIOGRAFÍA, ETC.
Nota de bibliografía, etc. Bibliografía.
700 1# - ENTRADA AGREGADA--NOMBRE PERSONAL
Nombre de persona Hernández Paz, Marina.
9 (RLIN) 63017
710 1# - ENTRADA AGREGADA--NOMBRE DE ENTIDAD CORPORATIVA
Nombre de entidad corporativa o nombre de jurisdicción como elemento de entrada Madrid (Comunidad Autónoma).
Unidad subordinada Consejería de Salud y Bienestar Social.
9 (RLIN) 5607
830 0# - PUNTO DE ACCESO ADICIONAL DE SERIE-TÍTULO UNIFORME
Título uniforme Informes técnicos ;
Designación de volumen o secuencia 3
9 (RLIN) 183284
852 ## - LOCALIZACIÓN
Ubicación ES-MaACL
Número de control de estantería G-10831
Sublocalización o colección R.114841
Holdings
Estatus retirado Estado de pérdida Estado de daño No para préstamo Biblioteca de origen Biblioteca actual Ubicación en estantería Fecha de adquisición Fuente de adquisición Total de préstamos Signatura topográfica completa Código de barras Visto por última vez Precio de reemplazo Tipo de ítem Koha
        Biblioteca del Ateneo de Madrid Biblioteca del Ateneo de Madrid Sala Pecera Planta 3 17/01/2008     G-10831 1072983 23/02/2023 23/02/2023 Libro impreso